South American Countries 15 Second Sprint - Statistics

General Stats
  • This quiz has been taken 28 times
    26 since last reset
  • The average score is 10 of 12
Answers on the Map
Answers color-coded by a green-red scale on the quiz's map according to % correct below.
 
Answer Stats
Answer % Correct
Brazil
100%
Venezuela
100%
Argentina
88%
Bolivia
88%
Chile
88%
Colombia
88%
Guyana
81%
Paraguay
81%
Peru
81%
Uruguay
81%
Suriname
75%
Ecuador
69%
No matching quizzes found
Score Distribution
Percent of People with Each Score
Percentile by Number Answered
Your Score History
You have not taken this quiz since the last reset